[Event "Doeberl Cup Minor 43rd"]
[Site "Canberra"]
[Date "2005.03.25"]
[Round "1"]
[White "Chibnall, Alana"]
[Black "McCulloch, Rob"]
[Result "0-1"]
[WhiteElo "841"]
[BlackElo "1440"]
[PlyCount "88"]
[EventDate "2005.03.25"]
[EventType "swiss"]
[EventRounds "7"]
[EventCountry "AUS"]
[SourceTitle "EXT 2009"]
[Source "ChessBase"]
[SourceDate "2008.11.26"]
[SourceVersion "1"]
[SourceVersionDate "2008.11.26"]
[SourceQuality "1"]

1. e4 d6 2. Nf3 g6 3. Bc4 Bg7 4. Ng5 e6 5. d4 h6 6. Nf3 Nf6 7. Nc3 0-0 8. e5 Nfd7 9. Bf4 d5 10. Be2 c5 11. dxc5 Nxc5 12. Qd4 b6 13. 0-0-0 Nc6 14. Qd2 Kh7 15. h4 f6 16. Qe3 Nd7 17. Bb5 Ncxe5 18. Bxd7 Ng4 19. Qd2 Bxd7 20. Nh2 Ne5 21. g4 Nc4 22. Qd3 Rc8 23. h5 Be8 24. Nf3 Qe7 25. Nd2 Qb4 26. Nxc4 Qxc4 27. Qe3 g5 28. Bd6 Rf7 29. Rd4 Qc6 30. Qxe6 f5 31. Qg6+ Kh8 32. Qe6 Bxd4 33. Qxh6+ Kg8 34. Qg6+ Rg7 35. Qe6+ Bf7 36. Qe7 Re8 37. Qxa7 Qxd6 38. Nb5 Qb4 39. Nxd4 Qxd4 40. gxf5 Qf4+ 41. Kd1 Qf3+ 42. Kd2 Re2+ 43. Kd1 Re7+ 44. Kd2 Rxa7 0-1

[Event "Doeberl Cup Minor 43rd"]
[Site "Canberra"]
[Date "2005.03.25"]
[Round "2"]
[White "McCulloch, Rob"]
[Black "Kang, Leo J"]
[Result "1-0"]
[WhiteElo "1440"]
[BlackElo "1066"]
[PlyCount "113"]
[EventDate "2005.03.25"]
[EventType "swiss"]
[EventRounds "7"]
[EventCountry "AUS"]
[SourceTitle "EXT 2009"]
[Source "ChessBase"]
[SourceDate "2008.11.26"]
[SourceVersion "1"]
[SourceVersionDate "2008.11.26"]
[SourceQuality "1"]

1. g3 d5 2. Nf3 c5 3. c4 e6 4. Bg2 Nf6 5. 0-0 b6 6. Ne5 Bb7 7. Nc3 Bd6 8. Qa4+ Nbd7 9. Nxd7 Qxd7 10. Nb5 0-0 11. Qc2 Ba6 12. Nxd6 Qxd6 13. d3 Rad8 14. Qa4 Bb7 15. Bf4 e5 16. Bg5 Bc6 17. Qc2 h6 18. cxd5 Bxd5 19. Bxd5 Qxd5 20. Bxf6 gxf6 21. Qd2 Kh7 22. Qc2 Qd4 23. Rad1 f5 24. Qb3 Rd6 25. Rc1 Rg6 26. Rc4 Qd6 27. f4 h5 28. fxe5 Qxe5 29. Rf2 Rfg8 30. Rcf4 Rf6 31. Kf1 Rg5 32. Ke1 Qe3 33. Kd1 Kg7 34. Kc2 Kg6 35. Qd5 Qe6 36. Qf3 a5 37. a4 Qd7 38. b3 Qe6 39. e4 Kh6 40. Qe3 Kg7 41. h4 Rg4 42. Rxf5 Rxf5 43. Rxf5 Qg6 44. Qd2 Rxg3 45. Qc3+ f6 46. Qc4 Rg4 47. Qe6 Rxh4 48. Qxb6 Qh6 49. Qc7+ Kg6 50. Rxc5 Rh1 51. Qg3+ Kf7 52. Rc7+ Ke6 53. Qg8+ Ke5 54. Rc5+ Kf4 55. Rf5+ Ke3 56. Qg3+ Kd4 57. Rd5# 1-0

[Event "Australian op Minor"]
[Site "Mount Buller"]
[Date "2005.01.03"]
[Round "4"]
[White "Marks, Joe"]
[Black "McCulloch, Rob"]
[Result "0-1"]
[WhiteElo "1481"]
[BlackElo "1442"]
[PlyCount "78"]
[EventDate "2005.01.02"]
[EventType "swiss"]
[EventRounds "9"]
[EventCountry "AUS"]
[SourceTitle "EXT 2006"]
[Source "ChessBase"]
[SourceDate "2005.11.24"]
[SourceVersion "1"]
[SourceVersionDate "2005.11.24"]
[SourceQuality "1"]

1. g3 g6 2. Bg2 Bg7 3. f4 c5 4. Nf3 Nc6 5. 0-0 e6 6. e4 Nge7 7. c3 d5 8. d3 d4 9. cxd4 Nxd4 10. Nc3 Nec6 11. a3 0-0 12. Ne2 e5 13. Nfxd4 cxd4 14. fxe5 Nxe5 15. Bf4 Be6 16. Bxe5 Bxe5 17. Nf4 Bxf4 18. Rxf4 Rc8 19. Rc1 Qb6 20. Qd2 Rxc1+ 21. Qxc1 Rc8 22. Qb1 Qb3 23. Rf2 b5 24. h4 h5 25. Kh2 a5 26. Bh3 Bxh3 27. Kxh3 a4 28. Qf1 Kg7 29. Rf6 Rc7 30. Rd6 Kh7 31. Qf6 Qd1 32. Qf2 Qh1+ 33. Qh2 Qf1+ 34. Qg2 Qxd3 35. Qf2 Qxe4 36. Rxd4 Qh1+ 37. Qh2 Qxh2+ 38. Kxh2 Rc2+ 39. Kh3 Rxb2 0-1

[Event "Australian op Minor"]
[Site "Mount Buller"]
[Date "2005.01.02"]
[Round "1"]
[White "McCulloch, Rob"]
[Black "Kenmure, Jamie"]
[Result "1-0"]
[WhiteElo "1442"]
[BlackElo "909"]
[PlyCount "155"]
[EventDate "2005.01.02"]
[EventType "swiss"]
[EventRounds "9"]
[EventCountry "AUS"]
[SourceTitle "EXT 2006"]
[Source "ChessBase"]
[SourceDate "2005.11.24"]
[SourceVersion "1"]
[SourceVersionDate "2005.11.24"]
[SourceQuality "1"]

1. Nf3 Nc6 2. d4 d5 3. c4 e6 4. Nc3 Be7 5. e4 Nf6 6. cxd5 exd5 7. e5 Ne4 8. Bd3 Nxc3 9. bxc3 0-0 10. h4 g6 11. Bh6 Re8 12. h5 Bf5 13. hxg6 Bxg6 14. Qc2 Bf8 15. Bxg6 fxg6 16. Bg5 Be7 17. Be3 Na5 18. Nd2 Rf8 19. Ke2 Bg5 20. Rh3 Bxe3 21. Rxe3 Qd7 22. f3 Qb5+ 23. Kf2 Nc4 24. Nxc4 Qxc4 25. Rb1 b6 26. Rb4 Qa6 27. Qb3 Qb7 28. a4 a5 29. Rb5 Rad8 30. Rxa5 Rfe8 31. Rb5 Re6 32. a5 h5 33. Re1 Kg7 34. Rb1 Kh6 35. axb6 Rxb6 36. Rxb6 Qxb6 37. Qxb6 cxb6 38. Rxb6 Kg5 39. Rc6 Kf5 40. Ke3 h4 41. Rd6 Rh8 42. Rf6+ Kg5 43. f4+ Kh5 44. Kf3 Rc8 45. f5 Rxc3+ 46. Kf2 gxf5 47. Rxf5+ Kg4 48. Rf3 Rc4 49. Rd3 Kf4 50. e6 Rc7 51. Re3 Re7 52. Re5 Re8 53. e7 Kg4 54. Re6 Kf4 55. Rh6 Kg4 56. Rh7 Kg5 57. Kf3 Kg6 58. Rxh4 Rxe7 59. Rf4 Kg5 60. g4 Kg6 61. Rf5 Re4 62. Rxd5 Re6 63. Rf5 Re8 64. Kf4 Kg7 65. d5 Kg6 66. g5 Re1 67. Rf6+ Kg7 68. Kf5 Re2 69. d6 Re1 70. d7 Rf1+ 71. Ke6 Re1+ 72. Kd6 Rd1+ 73. Kc7 Kg8 74. d8Q+ Rxd8 75. Kxd8 Kg7 76. Ke7 Kg8 77. Rg6+ Kh8 78. Kf7 1-0